Determinación de la cinética de extracción de aceite de las semilla de Nim empleado hexano como solvente, por método discontinuo
Expone el estudio de la influencia de algunas variables de operación sobre la cinética de la extracción de aceite de la semilla de ni, y a la selección de los valores más adecuados de esas variables. Las evaluaciones se realizaron por el método discontinuo empleado hexano comercial como solven...
| Main Author: | |
|---|---|
| Other Authors: | |
| Format: | Tesis Section = Libro |
| Language: | Undetermined Spanish |
| Published: |
Managua
UNI
1993
|
| Subjects: |
| LEADER | 01424nam a2200217Ia 4500 | ||
|---|---|---|---|
| 008 | 240830s9999 xx 000 0 und d | ||
| 040 | |a CEDOC DACA-RUSB / Mon 541.39 E77 | ||
| 041 | |a spa | ||
| 082 | |a Mon 541.39 E77 | ||
| 100 | 1 | |a Espinoza Morales, Rodolfo A | |
| 245 | 1 | 0 | |a Determinación de la cinética de extracción de aceite de las semilla de Nim empleado hexano como solvente, por método discontinuo |
| 260 | |a Managua |b UNI |c 1993 | ||
| 300 | |a 35 p. :il | ||
| 502 | |a Tesis (Ingeniero Químico) -UNI, 1993. | ||
| 520 | 3 | |a Expone el estudio de la influencia de algunas variables de operación sobre la cinética de la extracción de aceite de la semilla de ni, y a la selección de los valores más adecuados de esas variables. Las evaluaciones se realizaron por el método discontinuo empleado hexano comercial como solvente. Se realizó una comparación cualitativa de los resultados experimentales y las curvas cinéticas construidas con estos. Además se hace un análisis de su comportamiento frente a lo indicado en la teoría. Condesa Extracción Sólido Liquido, Extracción en semillas oleaginosas, Factores que afectan la velocidad de extracción, Lixiviación discontinua, Leyes de Fick, Material y Método. | |
| 650 | 7 | |a REACCIONES Y SINTESIS QUIMICAS | |
| 650 | 7 | |b ACEITE DE SEMILLA - NIM | |
| 700 | 1 | |a Tutor: |b Setterwall, Frederik | |
| 942 | |c BK |2 ddc | ||
| 991 | |a TESIS | ||
| 999 | |c 26253 | ||